Office XP: самоучитель

Bibliographic Details
Main Author: Стоцкий Ю. А. Юрий Александрович
Summary:Самоучитель по Microsoft Office XP предназначен для тех читателей, которые уже имеют определенный опыт работы с компьютером и хотят познакомиться с возможностями приложений широко распространенного пакета программ компании Microsoft. При этом материал книги не содержит сложных технических подробностей, он ориентирован на начинающего пользователя, стремящегося быстрее научиться решать конкретные задачи с помощью программ Microsoft Office. Па протяжении всей книги особое внимание уделяется вопросам взаимодействия приложений пакета Office XP друг с другом.
Исключено из фонда НТБ ТПУ
Language:Russian
Published: СПб., Питер, 2006
Series:Самоучитель
Format: Book
KOHA link:https://koha.lib.tpu.ru/cgi-bin/koha/opac-detail.pl?biblionumber=90748

MARC

LEADER 00000nam0a2200000 4500
001 90748
005 20231031103713.0
010 |a 5947237407 
035 |a (RuTPU)RU\TPU\book\97307 
035 |a RU\TPU\book\58862 
090 |a 90748 
100 |a 20060214d2006 m y0rusy50 ca 
101 0 |a rus 
102 |a RU 
105 |a a j 001zy 
200 1 |a Office XP  |e самоучитель  |f Ю. А. Стоцкий 
210 |a СПб.  |c Питер  |d 2006 
215 |a 571 с.  |c ил. 
225 1 |a Самоучитель 
320 |a Алфавитный указатель: с. 557-570 
330 |a Самоучитель по Microsoft Office XP предназначен для тех читателей, которые уже имеют определенный опыт работы с компьютером и хотят познакомиться с возможностями приложений широко распространенного пакета программ компании Microsoft. При этом материал книги не содержит сложных технических подробностей, он ориентирован на начинающего пользователя, стремящегося быстрее научиться решать конкретные задачи с помощью программ Microsoft Office. Па протяжении всей книги особое внимание уделяется вопросам взаимодействия приложений пакета Office XP друг с другом. 
333 |a Исключено из фонда НТБ ТПУ 
675 |a 681.3.066(075.4)  |v 3 
700 1 |a Стоцкий  |b Ю. А.  |g Юрий Александрович 
801 1 |a RU  |b 63413507  |c 20030924  |g PSBO 
801 2 |a RU  |b 63413507  |c 20211015  |g PSBO 
942 |c BK